000 00742nam a22002057a 4500
999 _c183577
_d183577
005 20211229102519.0
010 _aENG-130209
020 _a978-81-316-1144-9
_c1495.00
035 _aEN-113741
037 _bDBAD
082 _a371.82954
100 _aShah, Ghanshyam
245 _aEducational Status of Scheduled Tribes:
_bAttainment and Challenges:
_cGhanshyam Shah, K. Sujatha, Sukhadeo Thorat
260 _aChennai
_bWestland Publications Private Limited
_c2019
270 _a1st Floor, A Block, East Wing, Plot No. 40, SP Infocity, Dr MGR Salai, Perungudi, Kandanchavadi
_bChennai
_e600096
300 _a397p
_c24cm(hbk)
700 _aSujatha, K.
700 _aThorat, Sukhadeo
942 _2ddc
_cEN
_h371.82954
_mSHA